| 000 | 00338nam a22001457a 4500 | ||
|---|---|---|---|
| 020 | _a0071168532 | ||
| 040 | _cNust | ||
| 082 |
_a536.721 _bWAR |
||
| 100 |
_aKenneth Wark, Jr. _9125653 |
||
| 245 | _aThermodynamics | ||
| 250 | _a6th edition | ||
| 260 |
_aBoston: _bMcGraw Hill, _c1999. |
||
| 650 | _aThermodynamics | ||
| 942 |
_2ddc _cBK |
||
| 999 |
_c612606 _d612606 |
||